000 00557nam a22001937a 4500
005 20251108165248.0
008 250721s9999 xx 000 0 ara d
082 1 4 _a629.4/غور
100 1 _aغوري، إبراهيم حلمي
245 1 0 _aأسرار غزو الفضاء /
264 1 _aبيروت :
_bدار الشرق العربي،
_c[19-].
300 _a256ص
490 0 _aتعرف إلى ؛ 10
650 1 7 _aالفضاء
650 1 7 _aالأقمار الصناعية
650 1 7 _aغزو الفضاء
942 _2ddc
_cBK
999 _c23533
_d23533